| 000 | 00540nam a2200193 a 4500 | ||
|---|---|---|---|
| 005 | 20230830063531.0 | ||
| 008 | 991125n 000 0 spa u | ||
| 035 | _aUPN01000066826 | ||
| 100 | 1 |
_aSantos Guerra, Miguel Angel, _d1942- _929955 |
|
| 222 | _aREVISTA ESPAÑOLA DE PEDAGOGIA | ||
| 245 | _aLa cárcel de los sentimientos | ||
| 300 | _a43-60 | ||
| 362 | 0 | _a1980 Año 38, no. 148, abr.-jun. | |
| 653 | 0 | _aESCUELA | |
| 653 | 0 | _aRELACIONES INTERPERSONALES | |
| 653 | 0 | _aSENTIMIENTOS | |
| 904 |
_aAC _b004637 |
||
| 905 | _aArticulo | ||
| 999 |
_c63688 _d63688 |
||